[Event "Bielefelder SK 1 - Kölner SK Dr. Laske"]
[Site "NRW-Klasse - Gruppe 2 2018/20"]
[Date "2018.10.14"]
[Round "2.6"]
[White "Schnitker, Rainer"]
[Black "Hoeren, Andreas"]
[Result "1-0"]
[WhiteElo "2026"]
[BlackElo "2126"]
[PlyCount "83"]
[EventDate "2018.??.??"]
[WhiteTeam "Bielefelder SK 1"]
[BlackTeam "Kölner SK Dr. Lasker 1"]

1. Nf3 d6 2. c4 e5 3. Nc3 f5 4. d3 Nf6 5. g3 Be7 6. Bg2 O-O 7. O-O c6 8. Qc2
Na6 9. a3 Qe8 10. b4 Nc7 11. Rb1 Qh5 12. c5 f4 13. cxd6 Bxd6 14. Ne4 Nxe4 15.
dxe4 Rf6 16. Rd1 Bg4 17. Bb2 Re8 18. Rd2 Rh6 19. Rbd1 Bxf3 20. exf3 Qxh2+ 21.
Kf1 Ree6 22. Qb3 Kf8 23. g4 Qh4 24. a4 Qe7 25. b5 cxb5 26. axb5 Qe8 27. b6 axb6
28. g5 Rhg6 29. Bh3 Qc6 30. Bxe6 Rxe6 31. Rxd6 Rxd6 32. Ba3 Nb5 33. Bxd6+ Nxd6
34. Kg2 Nf7 35. Rd5 Qg6 36. Qa3+ Ke8 37. Qa8+ Ke7 38. Qxb7+ Ke8 39. Qc8+ Ke7
40. Qc7+ Ke8 41. Qc8+ Ke7 42. Rd7+ 1-0

[Event "Bielefelder SK 1 - Kölner SK Dr. Laske"]
[Site "NRW-Klasse - Gruppe 2 2018/20"]
[Date "2018.10.14"]
[Round "2.7"]
[White "Diesner, Michael"]
[Black "Gruettemeier, Uwe"]
[Result "1-0"]
[WhiteElo "2074"]
[BlackElo "2010"]
[PlyCount "89"]
[EventDate "2018.??.??"]
[WhiteTeam "Kölner SK Dr. Lasker 1"]
[BlackTeam "Bielefelder SK 1"]

1. d4 c6 2. c4 g6 3. Nc3 Bg7 4. e4 d6 5. Nge2 e5 6. d5 Nf6 7. Ng3 Qc7 8. Be2 a5
9. h4 Na6 10. h5 Nc5 11. Bg5 h6 12. Be3 g5 13. Qd2 Nfxe4 14. Ngxe4 Nxe4 15.
Nxe4 f5 16. Nxg5 f4 17. Ne4 fxe3 18. Qxe3 Bf5 19. Ng3 Bh7 20. Bg4 O-O 21. Rh4
Qe7 22. Be6+ Kh8 23. Rg4 Qf6 24. f3 e4 25. Nxe4 Qxb2 26. Rd1 Bxe4 27. Qxe4 Qe5
28. Qxe5 Bxe5 29. Rg6 Kh7 30. Rb1 Rab8 31. g3 cxd5 32. Bxd5 Rfe8 33. Be4 b6 34.
Rxd6+ Kg7 35. Rg6+ Kf8 36. Kf1 Red8 37. f4 Bg7 38. Rgxb6 Rxb6 39. Rxb6 Rd2 40.
c5 Bd4 41. Rb8+ Ke7 42. c6 Rd1+ 43. Ke2 Rc1 44. Rb7+ Ke6 45. Rh7 1-0

[Event "Bielefelder SK 1 - Kölner SK Dr. Laske"]
[Site "NRW-Klasse - Gruppe 2 2018/20"]
[Date "2018.10.14"]
[Round "2.8"]
[White "Nagel, Jens"]
[Black "Mews, Bernhard"]
[Result "1/2-1/2"]
[WhiteElo "1993"]
[BlackElo "1969"]
[PlyCount "87"]
[EventDate "2018.??.??"]
[WhiteTeam "Bielefelder SK 1"]
[BlackTeam "Kölner SK Dr. Lasker 1"]

1. d4 Nf6 2. c4 e6 3. g3 d5 4. Bg2 Be7 5. Nf3 O-O 6. b3 dxc4 7. bxc4 c5 8. O-O
Nc6 9. e3 Rb8 10. Nc3 b6 11. Nb5 a6 12. Nc3 Na5 13. Qd3 Bb7 14. Rd1 cxd4 15.
exd4 Rc8 16. d5 Nxc4 17. dxe6 Qxd3 18. exf7+ Rxf7 19. Rxd3 Rff8 20. Bh3 Rc5 21.
Na4 Ra5 22. Be6+ Kh8 23. Bxc4 Rxa4 24. Bb3 Ra5 25. Bd2 Rh5 26. Ng5 Ng4 27. Nf7+
Rxf7 28. Bxf7 Rxh2 29. Bd5 Rxf2 30. Bxb7 Bc5 31. Rd8+ Rf8+ 32. Kg2 Rxd8 33. Bg5
Rf8 34. Kh3 h5 35. Re1 Rf2 36. Re8+ Kh7 37. Be4+ g6 38. Bg2 a5 39. a4 Kg7 40.
Rb8 Bd4 41. Rb7+ Rf7 42. Rb8 Nf2+ 43. Kh2 Ng4+ 44. Kh3 1/2-1/2

[Event "Gütersloher SV 1 - SVG Plettenberg 1"]
[Site "NRW-Klasse - Gruppe 2 2018/20"]
[Date "2018.11.18"]
[Round "3.1"]
[White "Haub, Thorsten Michael"]
[Black "Plaßmann, Dominik"]
[Result "1-0"]
[WhiteElo "2413"]
[BlackElo "2153"]
[PlyCount "85"]
[EventDate "2018.??.??"]
[WhiteTeam "SVG Plettenberg 1"]
[BlackTeam "Gütersloher SV 1"]

1. g3 e5 2. Bg2 Nc6 3. c4 g6 4. Nc3 Bg7 5. Nf3 Nge7 6. O-O O-O 7. Rb1 a5 8. a3
d6 9. b4 axb4 10. axb4 Nf5 11. e3 Rb8 12. d3 h5 13. b5 Nce7 14. e4 Nh6 15. Bd2
f5 16. Bg5 Nf7 17. Bxe7 Qxe7 18. Nd5 Qd8 19. Nh4 Nh8 20. exf5 Bxf5 21. Nxf5
Rxf5 22. Ra1 Rf8 23. Ra7 Nf7 24. h4 Nh6 25. Ne3 Nf5 26. Nxf5 Rxf5 27. Bxb7 Bh6
28. Be4 Rf6 29. Qe2 Kg7 30. Kg2 Qe7 31. Bd5 Rff8 32. Rb1 Rb6 33. d4 Re8 34. Re1
Kf8 35. Qd3 Kg7 36. f4 Bxf4 37. gxf4 Qxh4 38. Rxc7+ Kh6 39. Qg3 Qxg3+ 40. Kxg3
exf4+ 41. Kf2 Rxe1 42. Kxe1 Kg5 43. Rb7 1-0

[Event "Gütersloher SV 1 - SVG Plettenberg 1"]
[Site "NRW-Klasse - Gruppe 2 2018/20"]
[Date "2018.11.18"]
[Round "3.2"]
[White "Ebert, Manuel"]
[Black "Bosch, Jeroen"]
[Result "0-1"]
[WhiteElo "2141"]
[BlackElo "2397"]
[PlyCount "68"]
[EventDate "2018.??.??"]
[WhiteTeam "Gütersloher SV 1"]
[BlackTeam "SVG Plettenberg 1"]

1. b3 d5 2. Nf3 Bg4 3. e3 Nf6 4. Bb2 Nbd7 5. Be2 c6 6. c4 e6 7. Nc3 Bd6 8. h3
Bh5 9. d3 O-O 10. Qd2 Qe7 11. O-O a6 12. Rfe1 Rfd8 13. Qc2 Rac8 14. e4 dxe4 15.
dxe4 Bxf3 16. Bxf3 e5 17. Rac1 Ba3 18. Na4 Bxb2 19. Nxb2 b6 20. Red1 Nc5 21. b4
Ne6 22. Qc3 Nd4 23. c5 b5 24. Qe3 h6 25. Rd3 a5 26. bxa5 Ra8 27. a4 Rxa5 28.
axb5 Rxb5 29. Na4 Rb4 30. Bd1 Ne6 31. f3 Nh5 32. Bb3 Rxd3 33. Qxd3 Nhf4 34. Qe3
Qg5 0-1

[Event "Gütersloher SV 1 - SVG Plettenberg 1"]
[Site "NRW-Klasse - Gruppe 2 2018/20"]
[Date "2018.11.18"]
[Round "3.3"]
[White "Browning, Alex"]
[Black "Kretschmann, Michael"]
[Result "1/2-1/2"]
[WhiteElo "2131"]
[BlackElo "2075"]
[Annotator "Daniel"]
[PlyCount "154"]
[EventDate "2018.??.??"]
[WhiteTeam "SVG Plettenberg 1"]
[BlackTeam "Gütersloher SV 1"]

1. e4 d6 2. d4 g6 3. Nc3 Bg7 4. Nf3 Nf6 5. Be3 O-O 6. Qd2 Ng4 7. Bg5 h6 8. Bh4
Nc6 9. h3 Nf6 10. d5 Ne5 11. Nxe5 dxe5 12. O-O-O g5 13. Bg3 Nh5 14. Bh2 e6 15.
Qe3 exd5 16. Nxd5 c6 17. Be2 cxd5 18. Rxd5 Qb6 19. Bxh5 Be6 20. Rd2 Qa5 21. a3
b5 22. Bg4 Bc4 23. Qc5 Rfe8 24. Rd7 Bf8 25. Qc7 Qa4 26. Bh5 Rec8 27. Qxe5 Be6
28. Rc7 Rxc7 29. Qxc7 Rc8 30. Bxf7+ Kh7 31. Bxe6+ Rxc7 32. Bf5+ Kg8 33. Bxc7 b4
34. Be5 Bg7 35. Be6+ Kh8 36. Bb3 Qa5 37. Bd6 bxa3 38. Bxa3 Qb6 39. Rf1 Bd4 40.
Kb1 Be5 41. g3 Qb5 42. Rd1 Qe2 43. Rd8+ Kg7 44. f4 gxf4 45. gxf4 Bxf4 $11 46.
Rd7+ Kg6 47. Bf7+ Kf6 48. Bd5 Be3 49. c4 Qf1+ 50. Ka2 Qxh3 51. Rf7+ Kg6 52. e5
Bg5 53. e6 Qe3 54. e7 a5 55. Bc5 Qe2 56. Rf8 Bxe7 57. Re8 a4 58. Rxe7 Qd1 59.
Re3 h5 60. Rc3 h4 61. Bf2 Kg5 62. Bf3 Qf1 63. c5 Qxf2 64. c6 a3 65. Rxa3 Qb6
66. Bg2 Kf6 67. Bf1 Ke5 68. Rc3 Qa7+ 69. Kb1 Qg1 70. Rc1 Qg6+ 71. Ka1 Qg8 72.
Bg2 Qxg2 73. c7 Qa8+ 74. Kb1 Qc8 75. Rc4 h3 76. Rh4 Qxc7 77. Rxh3 Qb7 1/2-1/2

[Event "Gütersloher SV 1 - SVG Plettenberg 1"]
[Site "NRW-Klasse - Gruppe 2 2018/20"]
[Date "2018.11.18"]
[Round "3.4"]
[White "Janyska, Dennis"]
[Black "Klip, Hans"]
[Result "1/2-1/2"]
[WhiteElo "2044"]
[BlackElo "2255"]
[PlyCount "33"]
[EventDate "2018.??.??"]
[WhiteTeam "Gütersloher SV 1"]
[BlackTeam "SVG Plettenberg 1"]

1. e4 e5 2. Nf3 Nc6 3. Bb5 Nf6 4. O-O Bc5 5. Nxe5 Nxe5 6. d4 a6 7. Be2 Nxe4 8.
dxc5 Nc6 9. Qd5 Nf6 10. Qg5 O-O 11. b3 h6 12. Qh4 Re8 13. Bd3 Ne5 14. Bb2 Qe7
15. Qd4 d6 16. cxd6 Qxd6 17. Qxd6 1/2-1/2

[Event "Gütersloher SV 1 - SVG Plettenberg 1"]
[Site "NRW-Klasse - Gruppe 2 2018/20"]
[Date "2018.11.18"]
[Round "3.5"]
[White "Litwak, Aleksej"]
[Black "Hanhoerster, Stephan"]
[Result "1-0"]
[WhiteElo "2244"]
[BlackElo "1986"]
[Annotator "Daniel"]
[PlyCount "63"]
[EventDate "2018.??.??"]
[WhiteTeam "SVG Plettenberg 1"]
[BlackTeam "Gütersloher SV 1"]

1. e4 c5 2. Nf3 d6 3. d4 Nf6 4. Nc3 cxd4 5. Nxd4 a6 6. Be2 e6 7. O-O Be7 8. f4
Qc7 9. a4 O-O 10. Be3 Nc6 11. Kh1 Bd7 12. Qe1 Rfe8 13. Qg3 Nb4 14. e5 Nfd5 15.
Nxd5 Nxd5 16. Bg1 Bf8 17. c4 Nb4 $11 18. b3 g6 19. Rad1 dxe5 20. fxe5 Nc6 21.
Nf3 Ne7 22. Ng5 Nf5 23. Rxf5 exf5 24. e6 f4 25. exf7+ Kh8 26. Qh4 h6 27. fxe8=Q
Rxe8 28. Bd4+ Kg8 29. Bf3 Qd8 30. Bd5+ Be6 31. Nxe6 Qxh4 32. Ng5+ 1-0

[Event "Gütersloher SV 1 - SVG Plettenberg 1"]
[Site "NRW-Klasse - Gruppe 2 2018/20"]
[Date "2018.11.18"]
[Round "3.6"]
[White "Grochtmann, Stephan"]
[Black "Schulze, Marc"]
[Result "1-0"]
[WhiteElo "1985"]
[BlackElo "2202"]
[PlyCount "49"]
[EventDate "2018.??.??"]
[WhiteTeam "Gütersloher SV 1"]
[BlackTeam "SVG Plettenberg 1"]

1. e3 Nf6 2. b3 d5 3. Bb2 Bf5 4. f4 Nbd7 5. Nf3 e6 6. Be2 h6 7. O-O c6 8. Ne5
Bd6 9. Qe1 Qc7 10. Nxd7 Kxd7 11. c4 Rae8 12. Nc3 Rhg8 13. Rc1 dxc4 14. Bxc4 Ne4
15. Nb5 Qa5 16. d3 Qxe1 17. Rfxe1 cxb5 18. Bxb5+ Ke7 19. dxe4 Bxe4 20. Bxe8
Rxe8 21. Red1 f6 22. Kf2 e5 23. Rc4 Bc6 24. f5 Bd7 25. Rxd6 1-0

[Event "Gütersloher SV 1 - SVG Plettenberg 1"]
[Site "NRW-Klasse - Gruppe 2 2018/20"]
[Date "2018.11.18"]
[Round "3.7"]
[White "Pieper, Dawid"]
[Black "Asani, Baskim"]
[Result "1-0"]
[WhiteElo "2152"]
[BlackElo "1901"]
[PlyCount "59"]
[EventDate "2018.??.??"]
[WhiteTeam "SVG Plettenberg 1"]
[BlackTeam "Gütersloher SV 1"]

1. e4 e6 2. d3 c5 3. Nf3 d5 4. Qe2 Nf6 5. g3 g6 6. exd5 Nxd5 7. Ne5 Bg7 8. Bg2
O-O 9. O-O Qc7 10. Nc4 Nc6 11. c3 Bd7 12. a4 Rfe8 13. Nbd2 Rab8 14. Ne4 b6 15.
Bd2 Rbd8 16. Rac1 Bc8 17. b4 cxb4 18. cxb4 Qe7 19. b5 Nd4 20. Qd1 Nb4 21. Ncd6
Nxd3 22. Bg5 Ne2+ 23. Qxe2 Nxc1 24. Rxc1 f6 25. Nxe8 Rxe8 26. Be3 Qb4 27. Qc4
Qa3 28. Qc7 f5 29. Nd6 Be5 30. Qf7+ 1-0

[Event "Gütersloher SV 1 - SVG Plettenberg 1"]
[Site "NRW-Klasse - Gruppe 2 2018/20"]
[Date "2018.11.18"]
[Round "3.8"]
[White "Wulfhorst, Noah"]
[Black "Klippert, Jan Oliver"]
[Result "1-0"]
[WhiteElo "1846"]
[BlackElo "1810"]
[PlyCount "91"]
[EventDate "2018.??.??"]
[WhiteTeam "Gütersloher SV 1"]
[BlackTeam "SVG Plettenberg 1"]

1. c4 e6 2. g3 d5 3. Bg2 Nf6 4. Nf3 Be7 5. O-O O-O 6. b3 c5 7. cxd5 exd5 8. d4
Nc6 9. Nc3 Ne4 10. Bb2 Bf6 11. Nxe4 dxe4 12. Nd2 Bxd4 13. Bxd4 Qxd4 14. Nxe4
Bg4 15. Qxd4 cxd4 16. Rfe1 Nb4 17. h3 Bh5 18. g4 Bg6 19. Red1 Rfe8 20. Ng3 Rab8
21. a3 Nc6 22. b4 Rbd8 23. Rac1 Rd6 24. b5 Nd8 25. Rc7 a6 26. bxa6 Rxa6 27. Rc8
Kf8 28. Rxd4 Nc6 29. Rxe8+ Kxe8 30. Rc4 Rxa3 31. Bxc6+ bxc6 32. Rxc6 Kd7 33.
Rb6 Kc7 34. Rb4 Ra5 35. Rf4 Ra2 36. e3 f6 37. Kg2 Kd6 38. Kg1 Ke5 39. Kg2 Bd3
40. Nf5 g5 41. Rb4 Be4+ 42. Kg3 h5 43. f4+ Kd5 44. Rd4+ Kc5 45. Rxe4 h4+ 46.
Nxh4 1-0

[Event "Kölner SK Dr. Lasker 1 - SK Königsspr"]
[Site "NRW-Klasse - Gruppe 2 2018/20"]
[Date "2018.11.18"]
[Round "3.1"]
[White "Scheider, Julian"]
[Black "Paris, Michael"]
[Result "0-1"]
[WhiteElo "2320"]
[BlackElo "2129"]
[PlyCount "76"]
[EventDate "2018.??.??"]
[WhiteTeam "SK Königsspringer Iserlohn 1"]
[BlackTeam "Kölner SK Dr. Lasker 1"]

1. e4 e5 2. Nf3 Nc6 3. d4 exd4 4. Nxd4 Nf6 5. Nxc6 bxc6 6. e5 Qe7 7. Qe2 Nd5 8.
c4 Ba6 9. b3 g6 10. f4 d6 11. Qd2 Nb6 12. Ba3 c5 13. Be2 Bb7 14. O-O Bg7 15.
Nc3 O-O 16. Rae1 dxe5 17. Bf3 Bxf3 18. Rxf3 Qh4 19. fxe5 Rfe8 20. Re4 Rad8 21.
Qe3 Qh6 22. Qxh6 Bxh6 23. Bxc5 Nd7 24. e6 fxe6 25. Bxa7 Bg7 26. Bf2 Ne5 27.
Rfe3 Nd3 28. Nb5 Nc5 29. Rg4 c6 30. Nc3 Bxc3 31. Rxc3 Rd1+ 32. Be1 Rxe1+ 33.
Kf2 Re4 34. Rg5 e5 35. Re3 Ra8 36. a4 Rb8 37. Rgg3 Rxe3 38. Rxe3 Rxb3 0-1

[Event "Kölner SK Dr. Lasker 1 - SK Königsspr"]
[Site "NRW-Klasse - Gruppe 2 2018/20"]
[Date "2018.11.18"]
[Round "3.2"]
[White "Nagel, Bernhard"]
[Black "Eckardt, Joshua"]
[Result "1/2-1/2"]
[WhiteElo "2156"]
[BlackElo "2251"]
[Annotator "Daniel"]
[PlyCount "65"]
[EventDate "2018.??.??"]
[WhiteTeam "Kölner SK Dr. Lasker 1"]
[BlackTeam "SK Königsspringer Iserlohn 1"]

1. d4 Nf6 2. c4 g6 3. Nc3 d5 4. Bg5 Bg7 5. Bxf6 Bxf6 6. cxd5 c6 7. e4 Bg7 8.
Nf3 cxd5 9. Bb5+ Bd7 10. Bxd7+ Qxd7 11. exd5 O-O 12. O-O Na6 13. Qb3 Rab8 14.
Rfe1 Rfd8 15. a4 Nc7 16. Re4 Nxd5 17. Nxd5 Qxd5 18. Qxd5 Rxd5 19. Rxe7 Bxd4 20.
Nxd4 Rxd4 21. g3 Rb4 22. Rd1 Rxa4 23. Rdd7 Rf8 24. Rxb7 a6 $11 25. Rb6 Ra8 26.
Rf6 Rf8 27. Rb7 Kg7 28. Rf3 a5 29. Kf1 Rb4 30. Rb3 Rxb3 31. Rxb3 Rc8 32. Rb5
Rc2 33. Rxa5 1/2-1/2

[Event "Kölner SK Dr. Lasker 1 - SK Königsspr"]
[Site "NRW-Klasse - Gruppe 2 2018/20"]
[Date "2018.11.18"]
[Round "3.3"]
[White "Schmitz, Philipp"]
[Black "Cramer, Volker"]
[Result "1/2-1/2"]
[WhiteElo "2184"]
[BlackElo "2148"]
[PlyCount "118"]
[EventDate "2018.??.??"]
[WhiteTeam "SK Königsspringer Iserlohn 1"]
[BlackTeam "Kölner SK Dr. Lasker 1"]

1. e4 e6 2. d4 d5 3. Bd3 c5 4. exd5 exd5 5. Nf3 c4 6. Be2 Nf6 7. b3 cxb3 8.
axb3 Bb4+ 9. c3 Be7 10. O-O Bf5 11. Ne5 O-O 12. c4 Nc6 13. Nxc6 bxc6 14. c5 a5
15. Nc3 Ne4 16. Nxe4 Bxe4 17. Bd2 Bg5 18. f3 Bxd2 19. Qxd2 Bg6 20. Ra3 Re8 21.
Rfa1 Rb8 22. Bf1 h5 23. Qc3 Qg5 24. Rxa5 Re3 25. Qd2 Rbxb3 26. Re1 Qe7 27. Rxe3
Rxe3 28. Ra6 Re6 29. Ra3 Qh4 30. Re3 Qf4 31. Re2 Qf6 32. Rxe6 Qxe6 33. Kf2 Qf6
34. Qe3 Qh4+ 35. Kg1 Kh8 36. Qe5 Kh7 37. g3 Qd8 38. h4 Qa8 39. Be2 Qa1+ 40. Kf2
Qb2 41. Qe3 Qb1 42. Qc3 Qh1 43. Qe1 Qh3 44. Ke3 Qe6+ 45. Kd2 Kg8 46. Ba6 Qf5
47. Qd1 Qh3 48. Qe1 Qf5 49. Ke3 Qc2 50. Qd2 Qb1 51. Qc3 f6 52. Bd3 Qg1+ 53. Kf4
Bxd3 54. Qxd3 Kf7 55. Qd2 g5+ 56. hxg5 fxg5+ 57. Kxg5 Qxg3+ 58. Kxh5 Qxf3+ 59.
Kh4 Qf6+ 1/2-1/2

[Event "Kölner SK Dr. Lasker 1 - SK Königsspr"]
[Site "NRW-Klasse - Gruppe 2 2018/20"]
[Date "2018.11.18"]
[Round "3.4"]
[White "Kloss, Henning"]
[Black "Runtemund, Rene"]
[Result "1-0"]
[WhiteElo "2142"]
[BlackElo "2035"]
[PlyCount "89"]
[EventDate "2018.??.??"]
[WhiteTeam "Kölner SK Dr. Lasker 1"]
[BlackTeam "SK Königsspringer Iserlohn 1"]

1. d4 c5 2. d5 f5 3. Nc3 Nf6 4. Qd3 g6 5. h4 Qb6 6. Nh3 Bg7 7. Nf4 O-O 8. h5 g5
9. h6 Bh8 10. Nh3 Ne4 11. Nxe4 fxe4 12. Qg3 Bxb2 13. Rb1 Qa5+ 14. Bd2 Qxa2 15.
Rd1 Rf5 16. Bxg5 Kf7 17. Bd2 e3 18. Qxe3 Bd4 19. Qd3 Qxd5 20. e3 Bf6 21. Qxd5+
Rxd5 22. Bc4 e6 23. Bxd5 exd5 24. Nf4 d4 25. Nd5 Nc6 26. e4 a5 27. Nb6 Rb8 28.
Rb1 Ke6 29. Rb5 d6 30. Bxa5 Nxa5 31. Rxa5 Bd7 32. Nxd7 Kxd7 33. Ke2 Kc6 34. f4
Rg8 35. Kf3 Bd8 36. Ra8 b5 37. Rha1 b4 38. R1a7 c4 39. Rc8+ Kb6 40. Raa8 d3 41.
Rxc4 Kb7 42. Rxd8 Rxd8 43. Rxb4+ Kc6 44. cxd3 Rg8 45. g4 1-0

[Event "Kölner SK Dr. Lasker 1 - SK Königsspr"]
[Site "NRW-Klasse - Gruppe 2 2018/20"]
[Date "2018.11.18"]
[Round "3.5"]
[White "Klauke, Stefan"]
[Black "Lindam, Ingo"]
[Result "0-1"]
[WhiteElo "2119"]
[BlackElo "2118"]
[PlyCount "100"]
[EventDate "2018.??.??"]
[WhiteTeam "SK Königsspringer Iserlohn 1"]
[BlackTeam "Kölner SK Dr. Lasker 1"]

1. e4 c5 2. c3 Nf6 3. e5 Nd5 4. d4 cxd4 5. Qxd4 e6 6. Nf3 Nc6 7. Qe4 f5 8. Qe2
b6 9. g3 a5 10. Bg2 Ba6 11. c4 Rc8 12. O-O Bc5 13. b3 O-O 14. Bb2 a4 15. Rd1
Rc7 16. Qd2 Bb4 17. Qc1 Na5 18. Bc3 Nxc3 19. Nxc3 axb3 20. axb3 Nxb3 21. Qb2
Bxc3 22. Qxb3 Bxa1 23. Rxa1 Bxc4 24. Qxb6 Bd5 25. Rd1 Rc3 26. Qxd8 Rxd8 27. Nd4
Bxg2 28. Kxg2 Kf7 29. Nb5 Rc2 30. Nd4 Rc5 31. f4 d5 32. Rb1 Rc7 33. Rb6 Re8 34.
Nb5 Rc2+ 35. Kh3 Re7 36. Nd6+ Kg6 37. g4 fxg4+ 38. Kxg4 h5+ 39. Kg3 Kh7 40. Rb8
Kg6 41. Rb6 Kh7 42. h3 Rc3+ 43. Kh4 Rf3 44. Rb4 Kh6 45. Rb6 Rxf4+ 46. Kg3 Rf8
47. Nb5 Rf5 48. Nd4 Rxe5 49. Nc6 Rg5+ 50. Kh4 Rf7 0-1

[Event "Kölner SK Dr. Lasker 1 - SK Königsspr"]
[Site "NRW-Klasse - Gruppe 2 2018/20"]
[Date "2018.11.18"]
[Round "3.6"]
[White "Hoeren, Andreas"]
[Black "Kind, Bertram"]
[Result "1/2-1/2"]
[WhiteElo "2126"]
[BlackElo "2129"]
[PlyCount "143"]
[EventDate "2018.??.??"]
[WhiteTeam "Kölner SK Dr. Lasker 1"]
[BlackTeam "SK Königsspringer Iserlohn 1"]

1. d4 Nf6 2. Nc3 e6 3. Bf4 Be7 4. Nf3 O-O 5. e3 Nh5 6. Bg3 f5 7. Bd3 Nc6 8. Ne2
Nb4 9. Bc4 d5 10. Bb3 a5 11. c3 Nc6 12. Nf4 Nxf4 13. exf4 Bf6 14. Qe2 Qe7 15.
O-O Qf7 16. Bh4 Bxh4 17. Nxh4 Ra6 18. Nf3 h6 19. Ba4 Qf6 20. Bxc6 Rxc6 21. Qe5
Qxe5 22. Nxe5 Rd6 23. Rfe1 Kh7 24. h4 g6 25. Re3 Rg8 26. Rae1 Kg7 27. b3 Kf6
28. f3 g5 29. hxg5+ hxg5 30. fxg5+ Rxg5 31. f4 Rg7 32. Rh3 Rd8 33. Kf2 Rdg8 34.
g3 Ke7 35. Reh1 Kd6 36. Rg1 c5 37. Ke3 b5 38. dxc5+ Kxc5 39. Nd3+ Kd6 40. Kd4
Bd7 41. Ne5 Bc8 42. Nf3 Ba6 43. Ng5 b4 44. c4 dxc4 45. bxc4 Rxg5 46. c5+ Kc6
47. fxg5 Rxg5 48. Rh4 f4 49. Rh6 Rd5+ 50. Ke4 Kxc5 51. Rc1+ Bc4 52. gxf4 Rd4+
53. Ke3 Rd3+ 54. Ke4 Rc3 55. Rxc3 bxc3 56. Rh2 Bd5+ 57. Kd3 Kb4 58. Rc2 a4 59.
a3+ Kxa3 60. Kxc3 Bb3 61. Re2 Bd5 62. Rb2 Bc4 63. Rb1 Ka2 64. Rb2+ Ka1 65. Rb4
Bb3 66. Rxb3 axb3 67. Kxb3 Kb1 68. Kc3 Kc1 69. Kd3 Kd1 70. Ke4 Ke2 71. Ke5 Ke3
72. Kxe6 1/2-1/2

[Event "Kölner SK Dr. Lasker 1 - SK Königsspr"]
[Site "NRW-Klasse - Gruppe 2 2018/20"]
[Date "2018.11.18"]
[Round "3.7"]
[White "Messarius, Juergen"]
[Black "Diesner, Michael"]
[Result "0-1"]
[WhiteElo "2119"]
[BlackElo "2074"]
[PlyCount "80"]
[EventDate "2018.??.??"]
[WhiteTeam "SK Königsspringer Iserlohn 1"]
[BlackTeam "Kölner SK Dr. Lasker 1"]

1. e4 c5 2. Nf3 d6 3. d4 Nf6 4. Nc3 cxd4 5. Nxd4 g6 6. Nde2 Qa5 7. f3 Bg7 8.
Be3 O-O 9. Qd2 Nc6 10. Nf4 e5 11. Nfd5 Be6 12. Bc4 Nh5 13. Rd1 Kh8 14. Nb5 Nf4
15. c3 Bxd5 16. exd5 Ne7 17. b4 Qd8 18. g3 Nh5 19. Nxa7 Rxa7 20. Bxa7 Qc7 21.
Bb3 b6 22. Bxb6 Qxb6 23. Qf2 Qa6 24. c4 e4 25. O-O exf3 26. Qxf3 Qb6+ 27. Kh1
Qxb4 28. Qe2 Be5 29. g4 Nf6 30. Rd3 Nd7 31. Rdf3 f6 32. h4 Kg7 33. h5 Qc5 34.
Rd1 f5 35. Rh3 fxg4 36. Qxg4 Nf6 37. Qe6 Nf5 38. Rg1 Re8 39. hxg6 Rxe6 40.
gxh7+ Kh8 0-1

[Event "Kölner SK Dr. Lasker 1 - SK Königsspr"]
[Site "NRW-Klasse - Gruppe 2 2018/20"]
[Date "2018.11.18"]
[Round "3.8"]
[White "Mews, Bernhard"]
[Black "Franz, Christian"]
[Result "1/2-1/2"]
[WhiteElo "1969"]
[BlackElo "2046"]
[PlyCount "26"]
[EventDate "2018.??.??"]
[WhiteTeam "Kölner SK Dr. Lasker 1"]
[BlackTeam "SK Königsspringer Iserlohn 1"]

1. e4 c5 2. Nf3 d6 3. Bb5+ Bd7 4. Bxd7+ Qxd7 5. c4 e5 6. Nc3 Nc6 7. d3 Be7 8.
O-O h6 9. Ne1 g5 10. Nc2 Bd8 11. Nd5 h5 12. a3 b6 13. Nce3 Nd4 1/2-1/2

[Event "SK Sodingen/Castrop 1 - Bielefelder SK "]
[Site "NRW-Klasse - Gruppe 2 2018/20"]
[Date "2018.11.18"]
[Round "3.1"]
[White "Forchert, Martin"]
[Black "Tomaszewski, Roman"]
[Result "1/2-1/2"]
[WhiteElo "2262"]
[BlackElo "2181"]
[PlyCount "93"]
[EventDate "2018.??.??"]
[WhiteTeam "Bielefelder SK 1"]
[BlackTeam "SK Sodingen/Castrop 1"]

1. e4 c6 2. d4 d5 3. e5 Na6 4. c3 Nc7 5. Bd3 g6 6. Ne2 h5 7. Nd2 Nh6 8. Nf1 e6
9. Ne3 Be7 10. O-O Nf5 11. Bd2 Kf8 12. Qc2 Kg7 13. Rad1 a5 14. b3 Bd7 15. Rfe1
Qb8 16. h3 a4 17. Nf1 h4 18. bxa4 Qa7 19. Rb1 Rhb8 20. Qc1 Qxa4 21. Bg5 Qa3 22.
Bxe7 Qxe7 23. Rb2 Ra7 24. Nh2 Rh8 25. Ng4 Ne8 26. c4 dxc4 27. Qxc4 Nh6 28. Nh2
Nc7 29. Reb1 b5 30. Qc1 Rha8 31. Qd2 Nd5 32. Rc1 Ra3 33. Be4 Nb6 34. Bd3 Nd5
35. Nc3 Nxc3 36. Rxc3 Rxc3 37. Qxc3 Ra3 38. Qd2 c5 39. Bxb5 Bxb5 40. Rxb5 cxd4
41. Qxd4 Rxa2 42. Nf3 Nf5 43. Qb4 Qxb4 44. Rxb4 Ra1+ 45. Kh2 Ra2 46. Kg1 Ra1+
47. Kh2 1/2-1/2

[Event "SK Sodingen/Castrop 1 - Bielefelder SK "]
[Site "NRW-Klasse - Gruppe 2 2018/20"]
[Date "2018.11.18"]
[Round "3.3"]
[White "Simon, Hans Christian"]
[Black "Boehnke, Martin"]
[Result "1-0"]
[WhiteElo "2140"]
[BlackElo "2163"]
[PlyCount "69"]
[EventDate "2018.??.??"]
[WhiteTeam "Bielefelder SK 1"]
[BlackTeam "SK Sodingen/Castrop 1"]

1. Nf3 Nf6 2. c4 c6 3. d4 d5 4. cxd5 cxd5 5. Nc3 Nc6 6. Bf4 Bf5 7. e3 e6 8. Qb3
Bb4 9. Bb5 O-O 10. Bxc6 Bxc3+ 11. Qxc3 Ne4 12. Qa3 bxc6 13. Rc1 g5 14. Bg3 h5
15. h4 g4 16. Nd2 Nxg3 17. fxg3 Qc7 18. Kf2 e5 19. Rhe1 Rab8 20. Qc3 Rfe8 21.
Nb3 Rbc8 22. Nc5 Qd6 23. Kg1 Re7 24. Kh2 Rce8 25. Qd2 Qh6 26. Qf2 Bh7 27. Rf1
exd4 28. exd4 Bg6 29. Rce1 Qg7 30. Rxe7 Rxe7 31. Qf4 Re2 32. Nd7 f5 33. Qb8+
Re8 34. Qd6 Rc8 35. Qe6+ 1-0

[Event "SK Sodingen/Castrop 1 - Bielefelder SK "]
[Site "NRW-Klasse - Gruppe 2 2018/20"]
[Date "2018.11.18"]
[Round "3.4"]
[White "Kusnetsov, Mark"]
[Black "Goeßling, Guido"]
[Result "1-0"]
[WhiteElo "2117"]
[BlackElo "2135"]
[PlyCount "61"]
[EventDate "2018.??.??"]
[WhiteTeam "SK Sodingen/Castrop 1"]
[BlackTeam "Bielefelder SK 1"]

1. d4 d5 2. Nf3 Nf6 3. c4 c6 4. Nc3 e6 5. Bg5 dxc4 6. e3 b5 7. Ne5 Bb7 8. Qf3
a6 9. Be2 Be7 10. O-O O-O 11. Qg3 Nbd7 12. f4 c5 13. Rad1 cxd4 14. Rxd4 Nd5 15.
Bh6 g6 16. Bxf8 Bxf8 17. Ne4 Bg7 18. Nd6 Qe7 19. Ndxf7 Rf8 20. Ng5 Rf5 21. Ngf3
g5 22. Nxd7 Qxd7 23. Rd2 gxf4 24. exf4 Qc7 25. Ng5 Qb6+ 26. Kh1 Ne3 27. Rf2 Bd5
28. Bf3 Kh8 29. Rfe2 Nf1 30. Qh3 h6 31. Rxd5 1-0

[Event "SK Sodingen/Castrop 1 - Bielefelder SK "]
[Site "NRW-Klasse - Gruppe 2 2018/20"]
[Date "2018.11.18"]
[Round "3.5"]
[White "Forchert, Niko"]
[Black "Werrn, Pascal"]
[Result "1/2-1/2"]
[WhiteElo "2074"]
[BlackElo "2050"]
[PlyCount "85"]
[EventDate "2018.??.??"]
[WhiteTeam "Bielefelder SK 1"]
[BlackTeam "SK Sodingen/Castrop 1"]

1. d4 Nf6 2. Nf3 e6 3. Bg5 c5 4. e3 Qb6 5. Nbd2 Qxb2 6. Bd3 Nc6 7. O-O cxd4 8.
Nc4 Qb4 9. exd4 b5 10. Rb1 Qa4 11. Rxb5 Ba6 12. Nb2 Qa3 13. Rb3 Qxa2 14. Qa1
Qxa1 15. Rxa1 Bxd3 16. Nxd3 Ne4 17. Be3 Be7 18. c4 Nf6 19. Nde5 Nd8 20. Rb5 d6
21. Nd3 O-O 22. Ra6 Rc8 23. Rxa7 Nc6 24. Ra6 Nb8 25. Ra4 Nbd7 26. h3 Rc7 27.
Bf4 Rcc8 28. Nd2 Rfd8 29. Ra7 Bf8 30. Rbb7 e5 31. Bg5 exd4 32. Bxf6 Nxf6 33.
Rxf7 d5 34. c5 Ne4 35. Nb3 Ng5 36. Rfd7 Ne6 37. Rxd8 Rxd8 38. c6 Rc8 39. Na5
Nd8 40. Rd7 Nxc6 41. Nxc6 Rxc6 42. Rxd5 Rd6 43. Rf5 1/2-1/2